| 000 | 00855cam a2200289 a 4500 | ||
|---|---|---|---|
| 999 |
_c4083 _d4083 |
||
| 003 | ALUPE UNIVERSITY COLLEGE | ||
| 005 | 20220317130857.0 | ||
| 008 | 890512s1993 enk 0 eng c | ||
| 020 | _a1897635257 | ||
| 040 | _cALUPE UNIVERSITY COLLEGE | ||
| 050 |
_aRF291.5 _b.P34 1993 |
||
| 055 | 3 |
_aRF 291.5 C45 _bP126 1988 |
|
| 090 |
_aRF 291.5 C45 P126 1993 _bAEU |
||
| 245 | 0 | 0 |
_aPaediatric audiology 0-5 years / _cedited by Barry McCormick. |
| 250 | _a2nd ed. | ||
| 260 |
_aLondon : _bWhurr Publishers, _cc1993. |
||
| 300 |
_axii, 446 p. : _bill. ; _c24 cm. |
||
| 336 |
_atext _btxt _2rdacontent |
||
| 337 |
_aunmediated _bn _2rdamedia |
||
| 338 |
_avolume _bnc _2rdacarrier |
||
| 583 | 1 | _5AEU | |
| 650 | 0 | _aHearing disorders in children. | |
| 650 | 0 | _aAudiology. | |
| 650 | 0 | _aAudiometry. | |
| 700 | 1 | _aMcCormick, Barry. | |
| 942 |
_2lcc _cBK |
||